Harry Potter Book Titles In Other Languages - Statistics

General Stats
  • This quiz has been taken 125 times
  • The average score is 5 of 7
Answer Stats
Translated Title Language English Title % Correct
Harry Potter e la camera dei segreti Italian Harry Potter and the Chamber of Secrets
94%
Harry Potter y las reliquias de la Muerte Spanish Harry Potter and the Deathly Hallows
82%
Harry Potter och de vises sten Swedish Harry Potter and the Philosopher's Stone
75%
Гарри Поттер и узник Азкабана Russian Harry Potter and the Prisoner of Azkaban
70%
Harry Potter és a Félvér Herceg Hungarian Harry Potter and the Half-Blood Prince
68%
Harry Potter và Chiếc cốc lửa Vietnamese Harry Potter and the Goblet of Fire
67%
هاري بوتر وجماعة العنقاء Arabic Harry Potter and the Order of the Phoenix
59%
No matching quizzes found
Score Distribution
Percent of People with Each Score
Percentile by Number Answered
Your Score History
You have not taken this quiz